La revolución nacional desde la universidad (Record no. 126762)

MARC details
000 -LEADER
campo de control de longitud fija 00771nam a2200193 i 4500
001 - NÚMERO DE CONTROL
campo de control 126762
003 - IDENTIFICADOR DE NÚMERO DE CONTROL
campo de control ES-MaACL
005 - FECHA Y HORA DE LA ÚLTIMA TRANSACCIÓN
campo de control 20250819165353.0
007 - CAMPO FIJO DE DESCRIPCIÓN FÍSICA--INFORMACIÓN GENERAL
campo de control de longitud fija t|
008 - DATOS DE LONGITUD FIJA--INFORMACIÓN GENERAL
campo de control de longitud fija 070214s1939 sp r ||||1| spa d
245 03 - MENCIÓN DEL TÍTULO
Título La revolución nacional desde la universidad
Resto del título : cursillo de orientación nacional sindicalista : Radio Nacional de España en Madrid.
260 ## - PUBLICACIÓN, DISTRIBUCIÓN, ETC.
Lugar de publicación, distribución, etc. Madrid :
Nombre del editor, distribuidor, etc. Jefatura Provincial de F.E.T. y de las JONS de Madrid,
Fecha de publicación, distribución, etc. 1939.
300 ## - DESCRIPCIÓN FÍSICA
Extensión 112 p. ;
Dimensiones 19 cm.
500 ## - NOTA GENERAL
Nota general En p.12, mención del Ateneo como sede del S.E.P. : Servicio Español del Profesorado.
650 #7 - PUNTO DE ACCESO ADICIONAL DE MATERIA--TÉRMINO DE MATERIA
Término de materia o nombre geográfico como elemento de entrada Nacionalsindicalismo
Fuente del encabezamiento o término embne
9 (RLIN) 158045
710 00 - ENTRADA AGREGADA--NOMBRE DE ENTIDAD CORPORATIVA
Nombre de entidad corporativa o nombre de jurisdicción como elemento de entrada Falange Española Tradicionalista y de las J.O.N.S.
9 (RLIN) 4086
852 ## - LOCALIZACIÓN
Ubicación ES-MaACL
Número de control de estantería A-5245
Sublocalización o colección R.18211
Holdings
Estatus retirado Estado de pérdida Estado de daño No para préstamo Biblioteca de origen Biblioteca actual Ubicación en estantería Fecha de adquisición Fuente de adquisición Total de préstamos Signatura topográfica completa Código de barras Visto por última vez Precio de reemplazo Tipo de ítem Koha
        Biblioteca del Ateneo de Madrid Biblioteca del Ateneo de Madrid Sala Pecera Planta 1 17/01/2008     A-5245 1132034 23/02/2023 23/02/2023 Libro impreso